[Event "M7 Gruppe 3"]
[Site "Koge"]
[Date "2005.03.22"]
[Round "1"]
[White "Ronsted, Torben"]
[Black "Bering, Anders"]
[Result "1/2-1/2"]
[WhiteElo "1977"]
[BlackElo "1983"]
[PlyCount "83"]
[EventDate "2005.03.22"]
[EventType "tourn"]
[EventRounds "7"]
[EventCountry "DEN"]

1. d4 Nf6 2. c4 e6 3. Nc3 d5 4. Bg5 Be7 5. e3 h6 6. Bh4 O-O 7. Nf3 b6 8. cxd5
exd5 9. Bd3 Bb7 10. O-O Nbd7 11. Rc1 c5 12. Re1 Ne4 13. Bxe7 Qxe7 14. Bb5 Rfd8
15. Bxd7 Rxd7 16. Qa4 Rd6 17. Ne5 f6 18. Nxe4 dxe4 19. dxc5 Rd5 20. Ng6 Qf7 21.
c6 Bc8 22. Qxe4 Be6 23. Nf4 Re5 24. Qa4 Ra5 25. Qe4 Bxa2 26. c7 Rc8 27. Red1 f5
28. Rd8+ Kh7 29. Qb7 Rxd8 30. cxd8=Q Qxb7 31. Rc8 Qxc8 32. Qxc8 Rc5 33. Qxc5
bxc5 34. Kf1 Kg8 35. Ke2 Kf7 36. Kd2 Ke7 37. Kc3 Bf7 38. h4 Kd6 39. f3 Ke5 40.
Nd3+ Kd6 41. Nf4 Ke5 42. Nd3+ 1/2-1/2

[Event "M7 Gruppe 3"]
[Site "Koge"]
[Date "2005.03.22"]
[Round "1"]
[White "Werner, Gert"]
[Black "Rhee, Alexander Kasper"]
[Result "1-0"]
[WhiteElo "1971"]
[BlackElo "1915"]
[PlyCount "129"]
[EventDate "2005.03.22"]
[EventType "tourn"]
[EventRounds "7"]
[EventCountry "DEN"]

1. Nf3 e6 2. g3 f5 3. Bg2 Nf6 4. c4 c5 5. O-O Nc6 6. d4 cxd4 7. Nxd4 a6 8. Nc3
Bc5 9. Nxc6 bxc6 10. e4 O-O 11. exf5 exf5 12. Bf4 Kh8 13. Bd6 Bxd6 14. Qxd6 a5
15. Rad1 Ba6 16. b3 Qb8 17. Na4 Qb4 18. Qxb4 axb4 19. Nb6 Ra7 20. Rfe1 Bc8 21.
Rd2 d5 22. cxd5 cxd5 23. Red1 Rd8 24. Nxc8 Rxc8 25. Bxd5 g6 26. Bf3 Ne4 27.
Bxe4 fxe4 28. Rd8+ Rxd8 29. Rxd8+ Kg7 30. Re8 Rxa2 31. Rxe4 Rb2 32. Rxb4 Kf6
33. h4 h5 34. Kg2 Kf5 35. Kf3 Ke5 36. Rb6 Kf5 37. Ke3 Rb1 38. Rb5+ Kf6 39. Kf4
Rb2 40. f3 Rb1 41. Rb6+ Kf7 42. g4 hxg4 43. fxg4 Rd1 44. Kg5 Rd5+ 45. Kh6 Rd4
46. Rxg6 Rb4 47. h5 Rxb3 48. Ra6 Rb8 49. Ra7+ Kg8 50. g5 Kh8 51. g6 Kg8 52. Rf7
Rb5 53. Rg7+ Kh8 54. Ra7 Rb8 55. Ra5 Rc8 56. Kg5 Rb8 57. h6 Rg8 58. Re5 Rd8 59.
Re6 Rd5+ 60. Kf6 Rd8 61. Ke7 Rc8 62. Kd7 Ra8 63. Re8+ Rxe8 64. Kxe8 Kg8 65. g7
1-0

[Event "M7 Gruppe 3"]
[Site "Koge"]
[Date "2005.03.22"]
[Round "1"]
[White "Nielsen, Morten Davidsen"]
[Black "Mortensen, Henrik"]
[Result "1/2-1/2"]
[WhiteElo "1892"]
[BlackElo "1927"]
[PlyCount "62"]
[EventDate "2005.03.22"]
[EventType "tourn"]
[EventRounds "7"]
[EventCountry "DEN"]

1. e4 d5 2. exd5 Qxd5 3. Nc3 Qa5 4. d4 c6 5. Bc4 Bf5 6. Bd2 Qb6 7. Qf3 e6 8.
O-O-O Nf6 9. Qf4 Nbd7 10. Nf3 O-O-O 11. Na4 Qc7 12. Qxc7+ Kxc7 13. Ng5 b5 14.
Nxf7 Bd6 15. Nxh8 Rxh8 16. Bb3 bxa4 17. Bxa4 Ng4 18. Rdf1 Nxh2 19. Re1 Nf6 20.
f3 h5 21. Re5 Nxf3 22. gxf3 Bxe5 23. dxe5 Nd5 24. Rh4 Nb6 25. Bb3 g6 26. Bg5
Rh7 27. a4 Nd7 28. Rd4 Nc5 29. Bd8+ Kc8 30. Bf6 Rd7 31. Rc4 Nxb3+ 1/2-1/2

[Event "M7 Gruppe 3"]
[Site "Koge"]
[Date "2005.03.22"]
[Round "1"]
[White "Larsen, Erling"]
[Black "Wiecker, Stefan"]
[Result "1-0"]
[WhiteElo "1986"]
[BlackElo "1983"]
[PlyCount "59"]
[EventDate "2005.03.22"]
[EventType "tourn"]
[EventRounds "7"]
[EventCountry "DEN"]

1. e4 c5 2. Nf3 Nc6 3. d4 cxd4 4. Nxd4 Nf6 5. Nc3 d6 6. Be3 e6 7. Bc4 Be7 8.
O-O Bd7 9. Kh1 a6 10. a3 Rc8 11. Ba2 Nxd4 12. Qxd4 Qa5 13. f4 O-O 14. Rf3 Rfd8
15. Qd3 d5 16. exd5 Bc6 17. Rh3 exd5 18. Bd4 Ne4 19. Qe2 Bf6 20. Qh5 Bxd4 21.
Nxe4 h6 22. c3 g6 23. Qxh6 Bg7 24. Qh7+ Kf8 25. Ng5 Qc7 26. f5 Qe7 27. Qh4 Qe2
28. Re1 Qd2 29. f6 Bxf6 30. Nh7+ 1-0

[Event "M7 Gruppe 3"]
[Site "Koge"]
[Date "2005.03.23"]
[Round "2"]
[White "Bering, Anders"]
[Black "Wiecker, Stefan"]
[Result "1/2-1/2"]
[WhiteElo "1983"]
[BlackElo "1983"]
[PlyCount "150"]
[EventDate "2005.03.22"]
[EventType "tourn"]
[EventRounds "7"]
[EventCountry "DEN"]

1. e4 c5 2. Nf3 Nc6 3. Bb5 g6 4. O-O Bg7 5. c3 Nf6 6. d4 cxd4 7. cxd4 d5 8. e5
Ne4 9. Ne1 f6 10. f3 Ng5 11. f4 Ne4 12. Nc3 Nxc3 13. bxc3 O-O 14. Nf3 Bg4 15.
Bd3 fxe5 16. fxe5 e6 17. h3 Bxf3 18. Rxf3 Qh4 19. Be3 Rxf3 20. Qxf3 Rf8 21. Qg4
Qxg4 22. hxg4 Rc8 23. Rc1 a6 24. c4 Nb4 25. Bf1 dxc4 26. Bxc4 Nd5 27. Bb3 Rxc1+
28. Bxc1 Kf7 29. Kf2 Ke8 30. Kf3 Kd7 31. Bd2 Bf8 32. Ke4 Kc6 33. Ba5 Be7 34.
Bxd5+ exd5+ 35. Kd3 b6 36. Bd2 Kb5 37. Bh6 Kc6 38. Ke3 g5 39. Bg7 Kd7 40. e6+
Kxe6 41. Be5 Bd6 42. Bg7 b5 43. Kd3 a5 44. Kc3 a4 45. Kc2 Kf7 46. Bh8 b4 47.
Kb2 Be7 48. Be5 Bf6 49. Bd6 Bxd4+ 50. Kc2 Bc3 51. a3 Ke6 52. Bf8 Bf6 53. Bxb4
Ba1 54. Bd2 Bf6 55. Bb4 Be5 56. Kd3 Bd6 57. Kc3 Be5+ 58. Kd3 Bb2 59. Kc2 Bd4
60. Kd3 Ke5 61. Be7 h6 62. Bf8 Bf2 63. Ke2 Bg1 64. Kf3 Kd4 65. Bxh6 Be3 66. Ke2
Ke4 67. Bf8 d4 68. Bd6 d3+ 69. Kd1 Kd5 70. Be7 Kc4 71. Bd8 Kb3 72. Be7 Ka2 73.
Bd6 Kb1 74. Bf8 Bc1 75. Be7 Bf4 1/2-1/2

[Event "M7 Gruppe 3"]
[Site "Koge"]
[Date "2005.03.23"]
[Round "2"]
[White "Mortensen, Henrik"]
[Black "Larsen, Erling"]
[Result "0-1"]
[WhiteElo "1927"]
[BlackElo "1986"]
[PlyCount "84"]
[EventDate "2005.03.22"]
[EventType "tourn"]
[EventRounds "7"]
[EventCountry "DEN"]

1. f4 c5 2. Nf3 g6 3. g3 Nc6 4. Bg2 Bg7 5. O-O d6 6. c3 Nf6 7. d3 O-O 8. e4 e5
9. Na3 Rb8 10. Qe2 Qe7 11. h3 Bd7 12. Be3 b5 13. Rab1 Nh5 14. Kh2 exf4 15. gxf4
b4 16. cxb4 Nxb4 17. b3 Rfe8 18. d4 Qxe4 19. Ne5 Qf5 20. Nxd7 Qxd7 21. Qd2 cxd4
22. Bxd4 Bxd4 23. Qxd4 Re2 24. Rb2 Rxb2 25. Qxb2 d5 26. Qd4 Qc7 27. Rf2 a5 28.
Nb1 Nc6 29. Qd2 Rb4 30. Nc3 Rxf4 31. Rxf4 Nxf4 32. Kh1 d4 33. Nb5 Qb6 34. Nd6
Nxg2 35. Qxg2 Qc5 36. Ne4 Qc1+ 37. Kh2 Qf4+ 38. Kh1 Qc1+ 39. Kh2 Qf4+ 40. Kh1
d3 41. Nd2 Kg7 42. a3 Nd4 0-1

[Event "M7 Gruppe 3"]
[Site "Koge"]
[Date "2005.03.23"]
[Round "2"]
[White "Rhee, Alexander Kasper"]
[Black "Nielsen, Morten Davidsen"]
[Result "0-1"]
[WhiteElo "1915"]
[BlackElo "1892"]
[PlyCount "54"]
[EventDate "2005.03.22"]
[EventType "tourn"]
[EventRounds "7"]
[EventCountry "DEN"]

1. e4 Nf6 2. e5 Nd5 3. d4 d6 4. Nf3 Bg4 5. Be2 c6 6. Ng5 Bxe2 7. Qxe2 h6 8. Nf3
e6 9. O-O dxe5 10. Nxe5 Bd6 11. c4 Ne7 12. Nc3 Nd7 13. Bf4 Nf6 14. Rfe1 O-O 15.
Qf3 Nf5 16. Rad1 Bb4 17. Qd3 Qa5 18. g4 Ne7 19. h4 c5 20. a3 Bxc3 21. Qxc3 Qxc3
22. bxc3 Rac8 23. g5 hxg5 24. hxg5 Nh5 25. Be3 cxd4 26. cxd4 Rfd8 27. Rc1 Nf5
0-1

[Event "M7 Gruppe 3"]
[Site "Koge"]
[Date "2005.03.23"]
[Round "2"]
[White "Ronsted, Torben"]
[Black "Werner, Gert"]
[Result "1/2-1/2"]
[WhiteElo "1977"]
[BlackElo "1971"]
[PlyCount "92"]
[EventDate "2005.03.22"]
[EventType "tourn"]
[EventRounds "7"]
[EventCountry "DEN"]

1. d4 Nf6 2. c4 g6 3. Nc3 Bg7 4. e4 d6 5. Be2 O-O 6. Bg5 h6 7. Be3 c5 8. dxc5
Qa5 9. cxd6 Nxe4 10. dxe7 Re8 11. Bd4 Nxc3 12. bxc3 Bxd4 13. Qxd4 Nc6 14. Qd2
Bf5 15. Nf3 Rxe7 16. O-O Rd8 17. Qb2 Bd3 18. Bxd3 Rxd3 19. Rac1 Qh5 20. Qb5 Qg4
21. Rfe1 Rxe1+ 22. Nxe1 Rd2 23. Nf3 Rxa2 24. Qxb7 Qxc4 25. Qc8+ Kg7 26. Nd4
Qxc3 27. Ne6+ fxe6 28. Qc7+ Kg8 29. Qc8+ Kh7 30. Qc7+ Qg7 31. Qxc6 Ra1 32. g3
Rxc1+ 33. Qxc1 a5 34. Qe1 a4 35. Qxe6 a3 36. Qa6 Qe7 37. h4 h5 38. Qa8 Kg7 39.
Kg2 Qd6 40. Qa7+ Kf6 41. Qa5 Ke6 42. Kh2 Kd7 43. Qa7+ Kc6 44. Qa6+ Kd5 45. Qd3+
Kc6 46. Qa6+ Kc7 1/2-1/2

[Event "M7 Gruppe 3"]
[Site "Koge"]
[Date "2005.03.24"]
[Round "3"]
[White "Werner, Gert"]
[Black "Bering, Anders"]
[Result "1/2-1/2"]
[WhiteElo "1971"]
[BlackElo "1983"]
[PlyCount "91"]
[EventDate "2005.03.22"]
[EventType "tourn"]
[EventRounds "7"]
[EventCountry "DEN"]

1. Nf3 Nf6 2. g3 g6 3. b4 Bg7 4. Bb2 b6 5. c4 Bb7 6. Bg2 O-O 7. O-O c5 8. a3 d6
9. d3 Na6 10. b5 Nc7 11. e4 e5 12. Nh4 Ne6 13. a4 a5 14. bxa6 Rxa6 15. Nc3 Nd4
16. Nf3 Nd7 17. Nb5 Nxb5 18. axb5 Rxa1 19. Qxa1 Qa8 20. Bh3 Nf6 21. Qxa8 Rxa8
22. Ra1 Rxa1+ 23. Bxa1 Kf8 24. Nd2 Ke7 25. Nb1 Bh6 26. Nc3 Bd2 27. Na4 Ba5 28.
f3 Kd8 29. Bb2 Bc8 30. Bxc8 Kxc8 31. Bc1 Kc7 32. Kf2 Nd7 33. g4 Kd8 34. Bh6 Ke7
35. h4 f6 36. Ke2 Kf7 37. Bc1 Ke7 38. f4 Kf7 39. f5 Kg7 40. g5 Kf7 41. gxf6
Nxf6 42. Bg5 h5 43. fxg6+ Kxg6 44. Bxf6 Kxf6 45. Nb2 Bc3 46. Na4 1/2-1/2

[Event "M7 Gruppe 3"]
[Site "Koge"]
[Date "2005.03.24"]
[Round "3"]
[White "Nielsen, Morten Davidsen"]
[Black "Ronsted, Torben"]
[Result "1-0"]
[WhiteElo "1892"]
[BlackElo "1977"]
[PlyCount "101"]
[EventDate "2005.03.22"]
[EventType "tourn"]
[EventRounds "7"]
[EventCountry "DEN"]

1. e4 c6 2. c4 e5 3. d4 d6 4. f4 Nf6 5. Nc3 Nbd7 6. Be3 Be7 7. Qf3 Qa5 8. g4
exd4 9. Bxd4 Nc5 10. Bxf6 Bxf6 11. Nge2 Be6 12. g5 Bxc3+ 13. Nxc3 Qb4 14. O-O-O
O-O-O 15. b3 Kb8 16. f5 Bc8 17. f6 gxf6 18. Qxf6 Rhe8 19. Bg2 Be6 20. Kc2 a5
21. Qf4 a4 22. Rb1 axb3+ 23. axb3 Nd7 24. Rhd1 Ne5 25. Rd4 Bg4 26. Qd2 Bh5 27.
Na4 Qxd2+ 28. Kxd2 Kc7 29. Rf1 c5 30. Rd5 Nc6 31. Rd3 Nd4 32. b4 Be2 33. Rxf7+
Kb8 34. Rxd4 cxd4 35. Kxe2 d5 36. cxd5 Rxd5 37. Nc5 Rxg5 38. Bf3 Rc8 39. Rxb7+
Ka8 40. e5 Rxe5+ 41. Kf2 Re3 42. Rxh7+ Rxf3+ 43. Kxf3 d3 44. Nxd3 Rc3 45. Ke4
Rc2 46. h4 Rh2 47. Kd5 Rd2 48. Kc4 Rh2 49. Kc5 Rg2 50. Ne5 Rc2+ 51. Kb6 1-0

[Event "M7 Gruppe 3"]
[Site "Koge"]
[Date "2005.03.24"]
[Round "3"]
[White "Larsen, Erling"]
[Black "Rhee, Alexander Kasper"]
[Result "1-0"]
[WhiteElo "1986"]
[BlackElo "1915"]
[PlyCount "45"]
[EventDate "2005.03.22"]
[EventType "tourn"]
[EventRounds "7"]
[EventCountry "DEN"]

1. e4 c5 2. Nf3 d6 3. d4 cxd4 4. Nxd4 Nf6 5. Nc3 a6 6. Be3 e6 7. Bd3 b5 8. f3
Nbd7 9. Qd2 b4 10. Nce2 d5 11. O-O Bb7 12. Ng3 h5 13. exd5 Nxd5 14. Bf2 Bd6 15.
Rae1 Nc5 16. Ndf5 Kf8 17. Nxd6 Qxd6 18. Ne4 Nxe4 19. fxe4 Ne7 20. Qg5 Rc8 21.
h3 Qc7 22. Bd4 Ng6 23. Qxg6 1-0

[Event "M7 Gruppe 3"]
[Site "Koge"]
[Date "2005.03.24"]
[Round "3"]
[White "Wiecker, Stefan"]
[Black "Mortensen, Henrik"]
[Result "1/2-1/2"]
[WhiteElo "1983"]
[BlackElo "1927"]
[PlyCount "129"]
[EventDate "2005.03.22"]
[EventType "tourn"]
[EventRounds "7"]
[EventCountry "DEN"]

1. e4 c5 2. Nc3 Nc6 3. g3 g6 4. d3 Bg7 5. Bg2 e6 6. Be3 d6 7. Qd2 Nd4 8. Nd1
Ne7 9. c3 Ndc6 10. Bh6 O-O 11. h4 f5 12. h5 Bxh6 13. Qxh6 Qe8 14. Nf3 Qf7 15.
Rh4 Qg7 16. Qd2 e5 17. b3 Bd7 18. Nb2 b5 19. O-O-O a5 20. Rdh1 f4 21. gxf4 exf4
22. hxg6 Nxg6 23. Rxh7 Qxh7 24. Rxh7 Kxh7 25. d4 cxd4 26. cxd4 Nb4 27. Nd3
Rac8+ 28. Kb1 Rc2 29. Qxc2 Nxc2 30. Kxc2 Rc8+ 31. Kd2 b4 32. Nb2 Bb5 33. Ng5+
Kg8 34. Bh3 Rc3 35. Be6+ Kg7 36. Bd5 Kf6 37. Ne6 Rh3 38. Nc7 Bd7 39. Nd3 Ke7
40. Na8 Bb5 41. Nb2 Rh2 42. Nd1 Nh4 43. Bc4 Nf3+ 44. Kd3 Bxc4+ 45. Kxc4 Rh1 46.
Nb2 Ne1 47. Nc7 Ng2 48. Kb5 Ra1 49. Nd5+ Kd8 50. Nc4 Rxa2 51. Nxd6 Rxf2 52. e5
Ne3 53. Nf7+ Kd7 54. Nf6+ Ke7 55. Ng5 Rg2 56. Nfe4 Ra2 57. Nc5 Rd2 58. Nf3 Rd1
59. Kxa5 Nc2 60. Nh4 Ra1+ 61. Kb5 Nxd4+ 62. Kc4 f3 63. Kxd4 f2 64. Nf5+ Ke8 65.
Ng3 1/2-1/2

[Event "M7 Gruppe 3"]
[Site "Koge"]
[Date "2005.03.25"]
[Round "4"]
[White "Bering, Anders"]
[Black "Mortensen, Henrik"]
[Result "1/2-1/2"]
[WhiteElo "1983"]
[BlackElo "1927"]
[PlyCount "37"]
[EventDate "2005.03.22"]
[EventType "tourn"]
[EventRounds "7"]
[EventCountry "DEN"]

1. e4 Nf6 2. Nc3 e5 3. f4 d5 4. fxe5 Nxe4 5. d3 Nxc3 6. bxc3 Be7 7. Nf3 O-O 8.
Be2 f6 9. O-O fxe5 10. Nxe5 Nc6 11. Rxf8+ Bxf8 12. Nxc6 bxc6 13. Bg4 Bd6 14.
Bxc8 Rxc8 15. Qg4 Rb8 16. Bd2 Qe7 17. Re1 Qf7 18. Rf1 Qe7 19. Re1 1/2-1/2

[Event "M7 Gruppe 3"]
[Site "Koge"]
[Date "2005.03.25"]
[Round "4"]
[White "Rhee, Alexander Kasper"]
[Black "Wiecker, Stefan"]
[Result "0-1"]
[WhiteElo "1915"]
[BlackElo "1983"]
[PlyCount "106"]
[EventDate "2005.03.22"]
[EventType "tourn"]
[EventRounds "7"]
[EventCountry "DEN"]

1. e4 c5 2. Nf3 Nc6 3. d4 cxd4 4. Nxd4 Nf6 5. Nc3 d6 6. Bg5 e6 7. Qd2 Qb6 8.
Nb3 Be7 9. Be2 O-O 10. Be3 Qc7 11. O-O Rd8 12. Rad1 Ne5 13. Nb5 Qb8 14. a4 Nxe4
15. Qd4 Nf6 16. Nxa7 Nc6 17. Nxc6 bxc6 18. Bf3 Nd5 19. Bxd5 cxd5 20. Qb6 Ba6
21. Rfe1 Rc8 22. Rd2 Bf6 23. Rb1 Qxb6 24. Bxb6 Rc4 25. a5 Rac8 26. c3 Ra4 27.
Ra1 Rcc4 28. h3 g6 29. Rdd1 Rxa1 30. Rxa1 Kf8 31. Nd2 Rc8 32. Ra4 Ke8 33. Rb4
Rb8 34. Nf3 Kd7 35. Nd4 Bxd4 36. Rxd4 Rc8 37. Rh4 h5 38. f3 e5 39. Kf2 Rc4 40.
Kg3 f6 41. Rxc4 dxc4 42. Kh4 Bb7 43. Kg3 Ke6 44. Kh4 Kf5 45. Be3 Ba6 46. Bh6
Bb5 47. g4+ hxg4 48. fxg4+ Ke4 49. Bg7 f5 50. gxf5 gxf5 51. Kg3 Ke3 52. h4 f4+
53. Kg2 Ke2 0-1

[Event "M7 Gruppe 3"]
[Site "Koge"]
[Date "2005.03.25"]
[Round "4"]
[White "Ronsted, Torben"]
[Black "Larsen, Erling"]
[Result "1-0"]
[WhiteElo "1977"]
[BlackElo "1986"]
[PlyCount "69"]
[EventDate "2005.03.22"]
[EventType "tourn"]
[EventRounds "7"]
[EventCountry "DEN"]

1. d4 Nf6 2. c4 g6 3. Nc3 Bg7 4. e4 d6 5. Be2 O-O 6. Bg5 h6 7. Be3 e5 8. d5 c6
9. Qd2 Kh7 10. f3 Ne8 11. Bd3 f5 12. O-O-O a6 13. Kb1 b5 14. dxc6 bxc4 15. c7
Qxc7 16. Nd5 Qb7 17. Bxc4 Nd7 18. Ne2 Rb8 19. Rc1 Ndf6 20. Nec3 Bd7 21. Rc2
Nxd5 22. Nxd5 Bb5 23. Rhc1 fxe4 24. fxe4 a5 25. Bb6 Bxc4 26. Rxc4 h5 27. Qxa5
Kh8 28. Qa7 Bh6 29. Qxb7 Rxb7 30. Rd1 Ng7 31. a4 Ne6 32. a5 h4 33. Rc6 Nf4 34.
Nxf4 Rxf4 35. a6 1-0

[Event "M7 Gruppe 3"]
[Site "Koge"]
[Date "2005.03.25"]
[Round "4"]
[White "Werner, Gert"]
[Black "Nielsen, Morten Davidsen"]
[Result "0-1"]
[WhiteElo "1971"]
[BlackElo "1892"]
[PlyCount "72"]
[EventDate "2005.03.22"]
[EventType "tourn"]
[EventRounds "7"]
[EventCountry "DEN"]

1. Nf3 d5 2. g3 Bf5 3. Bg2 Nf6 4. O-O e6 5. c4 c6 6. d4 Bd6 7. b3 Nbd7 8. Bb2
O-O 9. Nbd2 Re8 10. a3 e5 11. dxe5 Nxe5 12. Nxe5 Bxe5 13. Bxe5 Rxe5 14. Nf3 Re7
15. Nd4 Be4 16. c5 Qd7 17. b4 Re5 18. e3 Bxg2 19. Kxg2 Rh5 20. h4 Re8 21. Rh1
h6 22. Qf3 Rhe5 23. Rac1 Re4 24. Rcg1 Rg4 25. Kf1 Ne4 26. Ke1 Re5 27. Kd1 b6
28. Nxc6 Qxc6 29. Ke2 Rg6 30. Qf4 Ree6 31. Rd1 Qb5+ 32. Ke1 Rgf6 33. Qb8+ Re8
34. Qxe8+ Qxe8 35. Rf1 Qe5 36. f4 Qc3+ 0-1

[Event "M7 Gruppe 3"]
[Site "Koge"]
[Date "2005.03.26"]
[Round "5"]
[White "Nielsen, Morten Davidsen"]
[Black "Bering, Anders"]
[Result "0-1"]
[WhiteElo "1892"]
[BlackElo "1983"]
[PlyCount "64"]
[EventDate "2005.03.22"]
[EventType "tourn"]
[EventRounds "7"]
[EventCountry "DEN"]

1. e4 c5 2. c3 d5 3. exd5 Qxd5 4. d4 Nf6 5. dxc5 Qxc5 6. Na3 Bd7 7. Be3 Qc8 8.
Nb5 a6 9. Na3 b5 10. Rc1 Ng4 11. Bd2 e5 12. b4 Nc6 13. Qb3 Be6 14. Qb2 Qb8 15.
Be2 Qa7 16. Bxg4 Bxg4 17. c4 Qd4 18. Qxd4 Nxd4 19. Bc3 bxc4 20. Nxc4 Rc8 21.
Bd2 Be6 22. Nxe5 Rxc1+ 23. Bxc1 Bxb4+ 24. Bd2 Bd6 25. Ngf3 Nxf3+ 26. Nxf3 Bxa2
27. O-O O-O 28. Rc1 Bd5 29. Ng5 Ba3 30. Rc7 Rb8 31. h3 Rb1+ 32. Kh2 Bd6+ 0-1

[Event "M7 Gruppe 3"]
[Site "Koge"]
[Date "2005.03.26"]
[Round "5"]
[White "Larsen, Erling"]
[Black "Werner, Gert"]
[Result "0-1"]
[WhiteElo "1986"]
[BlackElo "1971"]
[PlyCount "56"]
[EventDate "2005.03.22"]
[EventType "tourn"]
[EventRounds "7"]
[EventCountry "DEN"]

1. e4 g6 2. d4 Bg7 3. Nc3 c6 4. Nf3 d5 5. h3 Nf6 6. exd5 cxd5 7. Bd3 O-O 8. O-O
Nc6 9. Re1 Bf5 10. Bg5 Bxd3 11. Qxd3 h6 12. Bh4 e6 13. Ne5 Ne7 14. g4 g5 15.
Bg3 Nd7 16. h4 Nxe5 17. dxe5 Ng6 18. hxg5 Qxg5 19. Qe2 Rac8 20. Nb5 Rc4 21. f3
a6 22. Nd6 Rd4 23. Rac1 h5 24. f4 Nxf4 25. Qe3 Nh3+ 26. Kh1 Rxg4 27. Bh2 Qxe3
28. Rxe3 Nf2# 0-1

[Event "M7 Gruppe 3"]
[Site "Koge"]
[Date "2005.03.26"]
[Round "5"]
[White "Wiecker, Stefan"]
[Black "Ronsted, Torben"]
[Result "0-1"]
[WhiteElo "1983"]
[BlackElo "1977"]
[PlyCount "62"]
[EventDate "2005.03.22"]
[EventType "tourn"]
[EventRounds "7"]
[EventCountry "DEN"]

1. e4 c6 2. d4 d5 3. Nc3 dxe4 4. Bc4 Bf5 5. f3 Nf6 6. fxe4 Bxe4 7. Nxe4 Nxe4 8.
Nf3 e6 9. O-O Nd7 10. Qe2 Ndf6 11. c3 Be7 12. Ne5 Rf8 13. g4 Nd6 14. Bd3 h6 15.
b3 Qa5 16. g5 hxg5 17. b4 Qc7 18. b5 cxb5 19. Bxb5+ Nxb5 20. Qxb5+ Nd7 21. Rb1
Rb8 22. Nxd7 Qxd7 23. Qe5 Rc8 24. Rb3 Bf6 25. Rxf6 gxf6 26. Qxf6 Rg8 27. Bxg5
Qd8 28. Kf2 Rxg5 29. Qh8+ Kd7 30. Rxb7+ Rc7 31. Rxc7+ Qxc7 0-1

[Event "M7 Gruppe 3"]
[Site "Koge"]
[Date "2005.03.26"]
[Round "5"]
[White "Mortensen, Henrik"]
[Black "Rhee, Alexander Kasper"]
[Result "1-0"]
[WhiteElo "1927"]
[BlackElo "1915"]
[PlyCount "63"]
[EventDate "2005.03.22"]
[EventType "tourn"]
[EventRounds "7"]
[EventCountry "DEN"]

1. e4 e5 2. Nf3 Nf6 3. Nc3 Nc6 4. d4 exd4 5. Nxd4 Bb4 6. Nxc6 bxc6 7. Bd3 d5 8.
exd5 O-O 9. O-O cxd5 10. Bg5 c6 11. Qf3 Be7 12. Rfe1 Be6 13. Qg3 Rb8 14. Rab1
Rb4 15. h3 Qb8 16. Qxb8 Rfxb8 17. b3 h6 18. Bd2 Bd6 19. Na4 R4b7 20. Be3 Nd7
21. f4 f5 22. Bxa7 Rxa7 23. Rxe6 Bxf4 24. Rf1 Nf8 25. Bxf5 Nxe6 26. Bxe6+ Kh8
27. Rxf4 Re8 28. Bg4 Re1+ 29. Rf1 Rae7 30. Nc5 g6 31. a4 h5 32. Bf3 1-0

[Event "M7 Gruppe 3"]
[Site "Koge"]
[Date "2005.03.27"]
[Round "6"]
[White "Ronsted, Torben"]
[Black "Mortensen, Henrik"]
[Result "1/2-1/2"]
[WhiteElo "1977"]
[BlackElo "1927"]
[PlyCount "81"]
[EventDate "2005.03.22"]
[EventType "tourn"]
[EventRounds "7"]
[EventCountry "DEN"]

1. d4 Nf6 2. c4 c5 3. d5 g6 4. Nc3 Bg7 5. e4 d6 6. Bd3 O-O 7. h3 e6 8. Nge2
exd5 9. cxd5 a6 10. a4 Re8 11. Bf4 Qc7 12. O-O Nbd7 13. Bh2 Rb8 14. b3 Ne5 15.
f4 Nxd3 16. Qxd3 Nd7 17. Kh1 c4 18. bxc4 Nc5 19. Qc2 Nd7 20. f5 Ne5 21. fxg6
hxg6 22. Bxe5 Bxe5 23. Qd3 Kg7 24. Nd4 Rh8 25. Rf3 Bg4 26. Rf2 Qc5 27. Nf3 Qxf2
28. Nxe5 dxe5 29. Rf1 Qd4 30. Qg3 Bh5 31. d6 Qxd6 32. Nd5 Rbd8 33. Qg5 Be2 34.
c5 Qxc5 35. Qxe5+ Kh6 36. Qf4+ Kh7 37. Qxf7+ Kh6 38. Qf4+ Kh7 39. Qf7+ Kh6 40.
Qf4+ Kh7 41. Qh4+ 1/2-1/2

[Event "M7 Gruppe 3"]
[Site "Koge"]
[Date "2005.03.27"]
[Round "6"]
[White "Werner, Gert"]
[Black "Wiecker, Stefan"]
[Result "0-1"]
[WhiteElo "1971"]
[BlackElo "1983"]
[PlyCount "98"]
[EventDate "2005.03.22"]
[EventType "tourn"]
[EventRounds "7"]
[EventCountry "DEN"]

1. Nf3 Nf6 2. g3 g6 3. b4 Bg7 4. Bb2 c6 5. c4 Qb6 6. Qb3 Na6 7. a3 O-O 8. Bg2
Nc5 9. Qc2 Ne6 10. O-O a5 11. c5 Qc7 12. d3 b6 13. Nbd2 Ba6 14. cxb6 Qxb6 15.
bxa5 Qxa5 16. Bc3 Qc7 17. Rfc1 Ra7 18. Be5 d6 19. Bb2 Rc8 20. Nd4 Nxd4 21. Bxd4
c5 22. Bb2 Bb7 23. e4 Bh6 24. f4 Ng4 25. Qc3 Nf6 26. Rf1 Bg7 27. g4 Ne8 28. e5
Bxg2 29. Kxg2 Rb8 30. Rab1 Rab7 31. Kg3 Qd7 32. Ne4 Rb3 33. Qc4 Rxb2 34. Rxb2
Rxb2 35. Ng5 e6 36. d4 Qb7 37. Rf3 cxd4 38. Qxd4 Rb3 39. Qa4 Rxf3+ 40. Nxf3 Qb8
41. Qd7 dxe5 42. fxe5 Bxe5+ 43. Kh3 Nf6 44. Qa4 Nd5 45. Qe4 Bf6 46. g5 Bg7 47.
Kg4 Qb2 48. a4 Qg2+ 49. Kh4 Ne7 0-1

[Event "M7 Gruppe 3"]
[Site "Koge"]
[Date "2005.03.27"]
[Round "6"]
[White "Nielsen, Morten Davidsen"]
[Black "Larsen, Erling"]
[Result "0-1"]
[WhiteElo "1892"]
[BlackElo "1986"]
[PlyCount "64"]
[EventDate "2005.03.22"]
[EventType "tourn"]
[EventRounds "7"]
[EventCountry "DEN"]

1. e4 c6 2. c4 d5 3. exd5 cxd5 4. cxd5 Nf6 5. Bb5+ Nbd7 6. Qb3 g6 7. Nf3 Bg7 8.
Nc3 O-O 9. d4 Nb6 10. Bc4 Bf5 11. Ne5 Rc8 12. Bg5 Ne8 13. Bd3 Nd6 14. Bxf5 Nxf5
15. Be3 Qd6 16. O-O Rfd8 17. Rfe1 Nxd5 18. Rac1 Nfxe3 19. fxe3 Bxe5 20. dxe5
Qxe5 21. Nxd5 Rxc1 22. Nxe7+ Qxe7 23. Rxc1 Qe4 24. Qc3 Rd3 25. Qc5 Rxe3 26. Rf1
Re2 27. Qa5 Qd4+ 28. Kh1 Rxb2 29. Re1 Qf2 30. Re8+ Kg7 31. Qe5+ Kh6 32. h3
Qxg2# 0-1

[Event "M7 Gruppe 3"]
[Site "Koge"]
[Date "2005.03.28"]
[Round "7"]
[White "Larsen, Erling"]
[Black "Bering, Anders"]
[Result "0-1"]
[WhiteElo "1986"]
[BlackElo "1983"]
[PlyCount "38"]
[EventDate "2005.03.22"]
[EventType "tourn"]
[EventRounds "7"]
[EventCountry "DEN"]

1. e4 c5 2. Nf3 d6 3. d4 cxd4 4. Nxd4 Nf6 5. Nc3 g6 6. Be3 Bg7 7. f3 O-O 8. Qd2
Nc6 9. O-O-O d5 10. Nxc6 bxc6 11. exd5 Nxd5 12. Nxd5 cxd5 13. Qxd5 Qc7 14. Qc5
Qb7 15. Bd4 Bf5 16. Qb5 Qc7 17. Qe2 Rfc8 18. c3 Bh6+ 19. Be3 Qa5 0-1

[Event "M7 Gruppe 3"]
[Site "Koge"]
[Date "2005.03.28"]
[Round "7"]
[White "Wiecker, Stefan"]
[Black "Nielsen, Morten Davidsen"]
[Result "1-0"]
[WhiteElo "1983"]
[BlackElo "1892"]
[PlyCount "61"]
[EventDate "2005.03.22"]
[EventType "tourn"]
[EventRounds "7"]
[EventCountry "DEN"]

1. e4 Nf6 2. e5 Nd5 3. d4 d6 4. Nf3 Bg4 5. Be2 c6 6. Ng5 Bxe2 7. Qxe2 h6 8. Ne4
e6 9. O-O Nb6 10. exd6 Bxd6 11. Qg4 Rh7 12. Rd1 Qc7 13. Nxd6+ Qxd6 14. Bf4 Qb4
15. Nc3 Nd5 16. Ne4 Nxf4 17. Qxf4 Kf8 18. Nc5 g5 19. Qf6 Kg8 20. Qd8+ Kg7 21.
Rd3 Rh8 22. Qd6 Qxb2 23. Rf1 Na6 24. Nxe6+ fxe6 25. Qe7+ Kg6 26. Qxe6+ Kg7 27.
Qe7+ Kg6 28. h4 Rae8 29. h5+ Kxh5 30. Qf7+ Kg4 31. Qf3+ 1-0

[Event "M7 Gruppe 3"]
[Site "Koge"]
[Date "2005.03.28"]
[Round "7"]
[White "Mortensen, Henrik"]
[Black "Werner, Gert"]
[Result "1/2-1/2"]
[WhiteElo "1927"]
[BlackElo "1971"]
[PlyCount "71"]
[EventDate "2005.03.22"]
[EventType "tourn"]
[EventRounds "7"]
[EventCountry "DEN"]

1. d4 Nf6 2. Nf3 g6 3. c4 Bg7 4. g3 O-O 5. Bg2 c5 6. O-O cxd4 7. Nxd4 Nc6 8.
Nc3 Qa5 9. Ndb5 a6 10. Na3 d6 11. Nd5 e6 12. Bd2 Qd8 13. Nc3 d5 14. Bg5 Qa5 15.
Bd2 d4 16. Na4 Qc7 17. Rc1 e5 18. c5 Be6 19. Nb6 Rad8 20. Nac4 Nd5 21. a3 Nxb6
22. Nxb6 f5 23. b4 Qf7 24. Qc2 e4 25. Bg5 Bf6 26. Bxf6 Qxf6 27. Nc4 Bxc4 28.
Qxc4+ Qf7 29. f3 Qxc4 30. Rxc4 Ne5 31. Rcc1 exf3 32. Bxf3 Nxf3+ 33. Rxf3 Rfe8
34. Kf2 Re6 35. Rd3 Kf7 36. Rcd1 1/2-1/2